000 01208nam a22002657a 4500
005 20170124102938.0
010 _aA-724462
020 _c125.00
_a81714192002
035 _aA-724462
037 _bCen Lib/Ret
040 _aDPL
_bHN
082 _a823.08
_bतिवारी
100 _aतिवारी,अल्पना
_947226
245 _aरेनू की नारी स्रष्टि /
_cअल्पना तिवारी
246 _arenu ki nari srshti
_bby Kalpna Tiwari
260 _aनई दिल्ली
_bराधा कृषण प्रकाशन
_c1994
270 _a2/38-अंसारी रोड दरिया गंज
_bनई दिल्ली
_e110002
300 _a215पृष्ठ.
_c21सेमी (सजिल्द)
500 _aसन्दर्भ ग्रन्थ सूची शामिल
650 _aहिंदी साहित्य
_947227
650 _aहिंदी उपन्यास -फणीशवर नाथ रेणु
_947228
650 _ahindi literature
_947229
650 _aHindi novel -fnishvr Nath Renu
_947230
942 _2ddc
_cHN
_h823.08
_mतिवारी
999 _c112393
_d112393